Statistics for 中国纯海岛县级单位 China Sea Island Counties

Click here to take the quiz!

General Stats

  • This quiz has been taken 109 times
    (108 since last reset)
  • The average score is 13 of 21

Answer Stats

面积/km²县区% Correct
1185崇明区
82%
39南区
82%
86嵊泗县
81%
459普陀区
80%
150金门县
74%
18东区
68%
326岱山县
66%
569定海区
64%
114南澳县
62%
141澎湖县
60%
157长海县
60%
84思明区
53%
371平潭县
53%
11南沙区
52%
183离岛区
51%
10西沙区
51%
151洞头区
50%
74湖里区
48%
13中西区
46%
248东山县
37%
11湾仔区
31%

Score Distribution

Percentile by Number Answered

Percent of People with Each Score

Your Score History

You have not taken this quiz since the last reset